| 000 | 00370nam a2200145 i 4500 | ||
|---|---|---|---|
| 001 | bg | ||
| 100 | 1 | _aKOŁOMEJCZYK, N. | |
| 245 | 0 |
_aEuropejskie państwa socjalistyczne 1960-1975 / _cN. Kołomejczyk, A. Koseski. |
|
| 260 |
_aWarszawa, _c1984. |
||
| 700 | 1 | _aKOSESKI, A. | |
| 040 | _cBPK | ||
| 041 | _apol | ||
| 942 | _cKS | ||
| 008 | s pl f |000 0 pol | ||
| 999 |
_c22835 _d22835 |
||
| 856 |
_uhttp://koha.tu.koszalin.pl/cgi-bin/koha/opac-detail.pl?biblionumber=22835 _yKatalog online BPK |
||